[Event "Ljubljana"]
[Site "Ljubljana"]
[Date "1997.??.??"]
[Round "9"]
[White "Bukic, Enver"]
[Black "Efimov, Igor"]
[Result "1-0"]
[WhiteElo "2435"]
[BlackElo "2530"]
[Annotator "Ribli,Z"]
[PlyCount "100"]
[EventDate "1997.05.20"]
[EventType "tourn"]
[EventRounds "11"]
[EventCountry "SLO"]
[EventCategory "9"]
[SourceTitle "CBM 058 Extra"]
[Source "ChessBase"]
[SourceDate "1997.07.29"]
[SourceVersion "1"]
[SourceVersionDate "1997.07.29"]
[SourceQuality "1"]

1. Nf3 c5 2. c4 Nf6 3. Nc3 e6 4. g3 a6 (4... b6) 5. Bg2 Nc6 6. O-O Be7 7. d4
cxd4 8. Nxd4 O-O 9. Nxc6 (9. Bf4 Nxd4 (9... Qa5 10. Nb3 (10. Rc1 Qh5 11. e4
Nxd4 12. Qxd4 Bc5 13. Qd3 Ng4 14. h3 Ne5 15. Qd1 Qxd1 16. Rfxd1 f6 17. Na4 Ba7
18. Bxe5 fxe5 19. c5 Rd8 20. b4 {1-0 Peng Zhaoqin-Maksimovic,S/Thessaloniki
olw 1988 (35)}) 10... Qh5 11. e4 Qxd1 12. Rfxd1 Ne8 13. c5 g5 14. Be3 f6 15.
Na4 Bd8 16. Nd4 {1-0 Tischbierek,R-Enders,P/DDR-ch Salzwedel 1982 (32)}) 10.
Qxd4 d6 11. Qd3 (11. Qd2 Qc7 12. Rac1 Rd8 13. Rfd1 h6 14. c5 Qxc5 15. Nd5 exd5
16. Rxc5 dxc5 17. Bc7 Re8 18. Bxd5 {1-0 Spiridonov,N-Horvath,G/Agard 1976/
MCD-r7 (31)}) 11... Qc7 12. Rac1 (12. Rfd1 Rd8 (12... e5 13. Bg5 Be6 14. Bxf6
Bxf6 15. Qxd6 Qxc4 16. Bxb7 Rab8 17. Bxa6 {1-0 Burmakin,V-Parkanyi,A/
Nagykanizsa op 1993 (27)}) 13. Ne4 $1 Nxe4 14. Bxe4 h6 15. Rac1 $16 {+/-
Dzindzichashvili,R-Browne,W/Las Vegas 1992}) 12... Rb8 13. Rfd1 Rd8 14. c5 Qxc5
15. Nd5 Qxd5 16. Bxd5 Nxd5 17. Bd2 {1-0 Hausner,I-Tepper,M/Rimavska Sobota
1975/MCD-r7 (46)}) (9. Nb3 d6 10. Bf4 Ng4 11. Rc1 Nge5 12. Na4 Ng6 13. Be3 Bf6
14. Qd2 Qc7 15. Rfd1 Be7 16. Nb6 Rb8 17. Nd5 exd5 18. cxd5 {1-0 Petrosian,
T-Bobotsov,M/Bamberg 1968 (28)}) (9. b3 Qc7 10. Bb2 d6 11. Rc1 Nxd4 (11... Ne5
12. e3 $14) (11... Bd7 12. Nd5 $14 {[%csl Gc1,Rc6,Rc7][%cal Gc1c7] Das ist ein
typisches Motiv in Igelstellungen mit Nc6, Qc7 und Rc1.}) 12. Qxd4 Bd7 13. Rfd1
$14) 9... bxc6 (9... dxc6 10. Qxd8 (10. Qc2) 10... Rxd8 11. Be3 $14 {[%csl Rb6,
Rc8,Ge3,Gg2] Und Schwarz hat Entwicklungsprobleme mit seinem Bc8. Die Schwäche
des Felds b6 ist fühlbar.Ribli.}) 10. Bf4 Ne8 $6 {Dieser Springerzug gefällt
mir nicht. Schwarz verhindert zwar den drohenden Läufertausch mit 11.Bd6, aber
alle seine Figuren stehen hinten.Ribli.} (10... Qb6 11. b3 d5 12. Na4 Qa5 13.
Rc1 $14) (10... d5 11. Qa4 (11. cxd5 cxd5 12. e4 dxe4 13. Nxe4 Nd5 $11 {
[%csl Gd5]} (13... Nxe4 14. Bxe4 Ra7 15. Qc2 $14)) 11... Qb6) 11. Qa4 $14 g5 {
Schwarz bevorzugt einen originellen Stil. Nach dem Partiezug kann er 12...Rb8
ziehen.Ribli.} (11... Bf6 12. Rfd1 $14) (11... Bg5 12. Bxg5 Qxg5 13. Rfd1 {
[%csl Rc8,Re8,Gg2]}) (11... d5 $2 12. Qxc6 (12. cxd5 cxd5 13. e4 $14) 12... Bd7
13. Qb7 $16) 12. Be3 Rb8 13. Qc2 f5 {Die schwarze Aktivität am Königsflügel
ist nicht gefährlich für Weiß. Mit dem Textzug verhindert Schwarz 14.Ne4.} 14.
Rad1 {[%cal Gd1d8]} Qc7 15. b3 d5 (15... d6 16. Qd2 {[%csl Rg5]}) 16. Na4 {
[%csl Rc5,Rc8] Der weiße Springer zielt nach c5. Schwarz hat - wie immer in
dieser Partie - Probleme bei der Koordination seiner Figuren.} Rf7 17. cxd5
cxd5 18. Qxc7 Nxc7 19. Rc1 {[%csl Gc1][%cal Rc1c8] Der Damentausch kann
Schwarz nicht die Sorgen nehmen.} Ba3 $2 (19... Bf6 20. Rc2 $14) (19... Nb5 20.
Rc2 $14) 20. Rc2 {[%csl Rg5]} f4 21. Ba7 Rb5 $6 (21... Ra8 22. Bb6 Nb5) 22. Bb6
$16 Rxb6 $8 23. Nxb6 {Mit der Mehrqualität steht Weiß überzeugend. Weiß
kontrolliert zudem die einzige offene Linie.Ribli.} Bb7 24. Rd1 Kg7 25. Nc4 {
[%cal Rc4a3,Rc4e5]} (25. g4 $16) (25. Na4 $16 {[%cal Ga4c5]}) 25... dxc4 26.
Bxb7 c3 $1 {Die einzige Chance zu Gegenspiel.} 27. Rd3 (27. Rxc3 Nb5 28. Rc6
Rxb7 29. Rxa6 $14) 27... Bb2 {[%csl Gb2,Gc3]} 28. Be4 Kf6 (28... Nb5 29. a4 Na3
30. Rcxc3 Bxc3 31. Rxc3 $18 {[%csl Ra3]}) 29. Rdxc3 $5 {Weiß gibt die Qualität
zurück und hat aufgrund seines Mehrbauern gute Gewinnchancen.Ribli.} Bxc3 30.
Rxc3 {[%csl Ge4]} Ke5 31. Bf3 Nb5 32. Rc5+ Kf6 33. Rc4 Rd7 {Schwarz spielt
aktiv um jeden Preis.} (33... e5 34. Rc6+) (33... fxg3 34. hxg3 $16) (33... Kf5
34. a4 Nd6 35. Rc6 $16) 34. gxf4 g4 35. Be4 (35. Bxg4 $2 Rg7 36. h3 h5 37. f3
hxg4 38. fxg4 $14 {Und Weiß hat vier Bauern für die Figur, aber die
Partiefortsetzung ist viel überzeugender.}) 35... Rd1+ 36. Kg2 h5 37. h3 Nd6
38. Ra4 {Sonst kommt Weiß mit 39.Bd3. Dann ist der schwarze Springer in seiner
Bewegungsfreiheit arg eingeschränkt und Pa6 hängt.} Nxe4 39. Rxe4 Rd2 40. hxg4
hxg4 41. a4 $18 {Mit zwei Bauern mehr muß Weiß gewinnen. Zudem ist der
schwarze Pg4 schwach.Ribli.} Kf5 42. Re5+ Kxf4 (42... Kf6 43. Kg3 {[%csl Rg4]})
43. Rxe6 a5 44. e3+ (44. Ra6 Rxe2 45. Rxa5 g3 {[%csl Rf2]}) 44... Kf5 45. Ra6 (
45. Rb6 $5 Rd5 46. Rb5 $18) 45... Rd5 46. Rb6 Ke4 47. Rb5 Rd3 48. Rxa5 Rxb3 49.
Rg5 Kd3 50. Rxg4 Ra3 {Und Schwarz gab auf. Mit drei Mehrbauern gewinnt Weiß
leicht. Ich möchte anmerken, daß die Stellung auch ohne den Pa4 ebenso leicht
gewonnen wäre.} 1-0

[Event "SWE-ch"]
[Site "Skara"]
[Date "2002.06.30"]
[Round "1"]
[White "Agrest, Evgenij"]
[Black "Wedberg, Tom Birger"]
[Result "1/2-1/2"]
[WhiteElo "2584"]
[BlackElo "2540"]
[Annotator "Ribli,Z"]
[PlyCount "46"]
[EventDate "2002.06.30"]
[EventType "tourn"]
[EventRounds "13"]
[EventCountry "SWE"]
[EventCategory "9"]
[SourceTitle "CBM 091"]
[Source "ChessBase"]
[SourceDate "2002.11.12"]
[SourceVersion "1"]
[SourceVersionDate "2002.11.12"]
[SourceQuality "1"]

1. Nf3 Nf6 2. c4 c5 3. Nc3 Nc6 4. d4 {Dieser Zug ist die Hauptvariante in
unserer Stellung, aber 4.g3 und 4.e3 sind auch möglich.} cxd4 5. Nxd4 e6 6. g3
{Statt dieser Fortsetzung hat Weiß viele Möglichkeiten, aber der Textzug ist
sehr populär. Die Alternativen sind - 6.Ndb5, 6.Bf4, 6.Bg5, 6.e4 und 6.a3.} Qb6
(6... Bc5) 7. Ndb5 (7. Nb3) 7... Ne5 (7... a6 $146 {Es ist interessant, dass
dieser einfache Zug früher nie gespielt wurde. Schwarz gibt das Läuferpaar auf,
erhält aber gute taktische Gegenchancen.} 8. Nd6+ Bxd6 9. Qxd6 Qb4 10. Qxb4
Nxb4 11. Rb1 d5 12. Bg2 dxc4 13. b3 cxb3 14. Rxb3 Nc2+ 15. Kf1 Nd4 16. Rb4 Nc6
17. Rb1 O-O 18. Be3 e5 19. Na4 {1/2-1/2 Gelfand,B-Topalov,V/Dortmund GER 2002/
(19)}) 8. Bg2 (8. Bf4) 8... a6 9. Na3 $146 {[%mdl 4] Weiß vermeidet die
Hauptvariante (8.Qa4) und opfert einen Bauern für die Initiative.} (9. Qa4)
9... Bxa3 10. bxa3 Nxc4 11. Bg5 {Weiß hat das Läuferpaar und die bessere
Entwicklung und der c8B hat Entwicklungsprobleme. Trotzdem hat Schwarz einen
Bauern mehr, so dass die Stellung sehr zweischneidig bleibt.} d5 (11... Qc5 12.
Bxf6 gxf6 13. O-O Ne3 (13... d5 14. e4 $44) 14. Qd3 (14. fxe3 Qxe3+ 15. Kh1
Qxc3 $17) 14... Nxf1 15. Ne4 Qc7 16. Nxf6+ Ke7 17. Qd4 Nd2 18. Qh4 Kf8 19. Qh6+
Ke7 20. Qg5 $11) 12. O-O O-O 13. Rc1 $44 (13. Bxf6 gxf6 14. e4 d4 15. Qg4+ Kh8
16. Qh4 Qd8 (16... e5 $2 17. Nd5 $18) 17. Rad1 Rg8 $17 (17... f5 18. Qh6 Rg8
19. exf5 e5 20. Nd5 Bxf5 21. Nf6 Rg7 $17)) 13... Rd8 (13... Bd7 14. Bxf6 gxf6
15. Bxd5 $1 $36) (13... Nd7 14. e4 $44) 14. Bxf6 gxf6 15. e4 d4 (15... dxe4 16.
Qg4+ Kf8 17. Nxe4 f5 18. Qh4 $16 {[%csl Rf8]}) 16. Na4 Qb5 17. Rxc4 {[%mdl 64]
Mit dieser Kombination gewinnt Weiß zeitweilig eine Figur.} (17. Qg4+ Kh8 (
17... Qg5 18. Qxg5+ fxg5 19. Rxc4 b5 20. Rc5 (20. e5 Ra7 21. Rc6 Bb7 (21...
bxa4 22. Rfc1 Bb7 23. Rc7 Bxg2 24. Rxa7 Bf3 {[%cal Gd4d3]}) 22. Nb2 Bxc6 23.
Bxc6 Rc7 24. Be4 Rc3 $15) 20... bxa4 21. Rxg5+ Kf8 $15) 18. Rxc4 Qxc4 19. Nb6)
17... Qxc4 18. Nb6 Qc5 19. Nxa8 {Weiß hat zeitweilig eine Figur mehr, aber der
a8N kann sich nicht befreien.} Bd7 20. Qg4+ Kf8 21. Qf4 Rxa8 22. Qxf6 Rc8 23.
e5 Bb5 (23... Bb5 24. Rd1 (24. Qh8+ Ke7 25. Qf6+ Ke8) (24. Re1 Qc3 25. Rd1 Be2)
24... Be2 25. Re1 d3 26. Bxb7 Qc3 (26... d2 27. Qh6+ $18 {[%cal Rh6f8,Rh6d2]})
27. Qh8+ Ke7 28. Qf6+ Ke8 29. Qh8+ Ke7 $11) 1/2-1/2

[Event "SWE-ch"]
[Site "Skara"]
[Date "2002.07.07"]
[Round "7"]
[White "Agrest, Evgenij"]
[Black "Ernst, Thomas"]
[Result "1/2-1/2"]
[WhiteElo "2584"]
[BlackElo "2471"]
[Annotator "Ribli,Z"]
[PlyCount "83"]
[EventDate "2002.06.30"]
[EventType "tourn"]
[EventRounds "13"]
[EventCountry "SWE"]
[EventCategory "9"]
[SourceTitle "CBM 091"]
[Source "ChessBase"]
[SourceDate "2002.11.12"]
[SourceVersion "1"]
[SourceVersionDate "2002.11.12"]
[SourceQuality "1"]

1. c4 c5 2. Nf3 Nc6 3. d4 (3. Nc3 e5 {Diese Variante ist sehr populär in
letzter Zeit - es ist wahr, dass der d5-Punkt geschwächt ist, aber Schwarz hat
starke Kontrolle über das Feld d4.}) 3... cxd4 4. Nxd4 Nf6 5. Nc3 (5. g3 $5)
5... e6 6. g3 Qb6 7. Ndb5 Ne5 8. Bg2 a6 9. Qa4 {Dieser Zug ist die
theoretische Hauptlinie in dieser Variante - es scheint, dass Großmeister
Agrest seine frühere Neuerung aus der erste Runde (gegen Wedberg) - 9.Na3 -
nicht wiederholen möchte.} Rb8 (9... Neg4) (9... Bc5) 10. Be3 Bc5 11. Bxc5 Qxc5
12. Qa3 Qxa3 {Der Damentausch ist spielbar, aber die Alternative 12...b6!?
gibt Schwarz auch gutes Spiel.} (12... b6 $5 13. Nd6+ Ke7 14. Qxc5 bxc5 15.
Nxc8+ Rhxc8 16. b3 g5 $5 17. h3 (17. Rd1 h5 18. f3 h4 19. Kf2 Rh8 20. e3 hxg3+
21. hxg3 Rxh1 22. Bxh1 d6 {1/2-1/2 Ribli,Z-Stevic,H/Solin/Split 2001/CBM 87(25)
}) 17... h5 18. O-O-O d6 19. Rd2 Rd8 20. Rhd1 Rd7 21. Bh1 g4 22. h4 Rbd8 {
1/2-1/2 Agrest,E-Wedberg,T/Sweden 1999/CBM 73 ext (34)}) 13. Nxa3 g5 $5 {
[%mdl 4] Schwarz spielt nicht 13...d6 - zuerst möchte er seine
Springerstellung auf e5 sichern.} (13... d6 14. f4 (14. O-O-O Ke7 15. b3 Bd7
16. Nc2 Rhc8 17. Kb2 Rc7 18. Rd2 Bc6 {1/2-1/2 Roussel Roozmon,T-Lazarev,V/
Montreal CAN 2002/(18)}) 14... Nc6 15. Rd1 (15. O-O-O $6 Ke7 16. Rd2 Nb4 17.
Bf3 Bd7 18. Rhd1 d5 19. g4 Bc6 20. g5 Ne4 21. Rd4 Rbc8 22. Nab1 Nc5 $15 {
0-1 Speelman,J-Timman,J/London 1989/Candidates (54)}) 15... Ke7 16. O-O Bd7 17.
Rd2 Rhd8 18. Rfd1 Be8 19. Bf3 Nb4 20. g4 h6 21. h4 Bc6 22. g5 $14 {1/2-1/2
Christiansen,L-Schlosser,P/Germany 1996/GER-chT (62)}) (13... Ke7 14. f4 Nc6
15. e4 d6 16. Nc2 $5 Bd7 17. O-O-O Rhc8 18. Rd3 Na5 19. b3 b5 20. cxb5 axb5 21.
Rhd1 {1-0 Pelletier,Y-Ponomariov,R/Kharkov 2001/CBM 83/[Ribli] (45)}) 14. h3 (
14. f4 gxf4 15. gxf4 Ng6 $11 (15... Neg4 16. Nc2 $14)) (14. O-O-O) 14... Ke7
15. Rd1 b6 {[%cal Gc8b7,Gb7g2] Es scheint, dass Schwarz gar nicht d7-d6
spielen möchte, er will lieber den Läufer auf der großen Diagonalen tauschen.}
(15... d6) 16. e3 {Mit diesem kleinem Zug bereitet Weiß die Zurücknahme des
Bauern nach 17.f4 gxf4 mit dem e-Bauern 18.exf4 vor.} (16. e4 Bb7 17. f3 Rhc8
$11) 16... Bb7 17. Bxb7 Rxb7 $11 18. f4 (18. Ke2 $2 {[%cal Gh8c8,Gc8c4]} Rc8
19. b3 b5 $17) 18... gxf4 19. exf4 {Die weiße Bauernstruktur ist ein wenig
besser, aber Schwarz hat seine Gegenchancen am Damenflügel.} Nc6 (19... Ng6 {
Auf den ersten Blick steht der Springer unglücklich auf g6, aber nach
folgendem h7-h5 kann Schwarz am Königsflügel aktiv spielen. Trotzdem erscheint
der Textzug natürlicher.} 20. Rh2 (20. Rf1 h5 21. Ke2 Rg8 $11) 20... h5 $11 {
[%cal Gh5h4]}) 20. Kf2 (20. g4 $5) 20... Rc8 {[%cal Gc8c4]} (20... h5) 21. g4
Na5 22. Rd4 Nc6 23. Rd3 {Schwarz verteidigt vorher den c3 - Springer und im
Falle von 23...Na5 24.b3 geht die schwarze traditionelle Drohung 24...b5 nicht.
} (23. Rd2 Na5) 23... Nb4 (23... Na5 24. b3) 24. Rd2 d5 $1 25. g5 (25. cxd5
Nfxd5 26. Nxd5+ Nxd5 27. Kf3 Rbc7 $15) 25... Nh5 26. cxd5 Nxf4 27. dxe6 (27.
d6+ Kd7 {[%csl Gd7]} 28. Ne4 Nbd5 $13) 27... fxe6 {[%csl Yd5][%cal Gb4d5,Gf4d5]
Das d5-Feld wird ein guter Festpunkt für den schwarzen Springer.} (27... Nxe6
28. Ne4) 28. Kg3 Nfd5 {[%csl Gd5]} 29. Nab1 (29. Nxd5+ Nxd5 $11) 29... Rd7 (
29... Rbc7) 30. a3 Nxc3 31. Rxd7+ Kxd7 32. Nxc3 Nd5 33. Rd1 $1 {[%cal Gd1d7]} (
33. Nxd5 exd5 34. Rf1 $11) 33... Kd6 (33... Kc6 $2 34. Nxd5 exd5 35. Rc1+ Kd7
36. Rxc8 Kxc8 37. Kf4 $18 {[%csl Gg5,Gh3]}) 34. h4 {[%csl Gg5,Gh4] Weiß hat
gefährliche (ernfernte) Bauern am Königsflügel, so muss Schwarz vorsichtig
sein.} Rf8 $1 {[%cal Gf8f1]} (34... Rc4) 35. Rd2 Rf1 36. Nxd5 (36. h5 Ke5)
36... exd5 {[%mdl 4096]} 37. Kg4 a5 38. h5 (38. Kh5 Rh1 $11 (38... Rf4 39. Rh2
$16)) 38... Rg1+ 39. Kf4 Rf1+ (39... Rh1 $2 40. g6 hxg6 41. hxg6 Rg1 42. Kf5
$16) 40. Kg4 Rg1+ 41. Kf4 (41. Kf5 Rf1+ $11 (41... Rh1 $11)) 41... Rf1+ 42. Kg4
1/2-1/2

[Event "ISR-ch"]
[Site "Ramat Aviv"]
[Date "1998.11.08"]
[Round "1.2"]
[White "Grinshpun, Eduard"]
[Black "Kantsler, Boris"]
[Result "0-1"]
[WhiteElo "2365"]
[BlackElo "2535"]
[Annotator "Ribli,Z"]
[PlyCount "102"]
[EventDate "1998.11.08"]
[EventType "k.o."]
[EventRounds "5"]
[EventCountry "ISR"]
[SourceTitle "CBM 068"]
[Source "ChessBase"]
[SourceDate "1999.02.01"]
[SourceVersion "1"]
[SourceVersionDate "1999.02.01"]
[SourceQuality "1"]

1. Nf3 Nf6 2. c4 c5 3. Nc3 Nc6 4. d4 cxd4 5. Nxd4 e6 6. Ndb5 {Diese
theoretische Hauptvariante verspricht dem Weißen meines Erachtens keinen
Vorteil. Ich glaube, die Alternative 6.g3 ist chancenreicher. Ribli.} d5 7. Bf4
(7. cxd5 $6 {Dieser Zug gewinnt einen Bauern, kann aber von mir nicht
empfohlen werden.} Nxd5 8. Nxd5 exd5 9. Qxd5 Bb4+ 10. Bd2 Qe7 $1 $44 {Schwarz
ist gut entwickelt und die weiße Dame steht unglücklich auf d5. Das ist mehr
als ausreichender Ersatz für den Bauern.}) 7... e5 8. cxd5 exf4 9. dxc6 bxc6
10. Qxd8+ Kxd8 11. Rd1+ {Weiß hat die viel bessere Bauernstruktur, aber
Schwarz besitzt das Läuferpaar und er entfaltet einigen positionellen Druck am
Königsflügel mit seinem f-Bauern. Im allgemeinen sind die Chancen hier etwa
gleich.} (11. Nd4) (11. O-O-O+) 11... Bd7 12. Nd6 Kc7 {Schwarz opfert den
f7-Bauern und komplitziert so das Spiel.} (12... Bxd6 {Ich glaube, das ist der
einfachste Weg zum Ausgleich.} 13. Rxd6 Rb8 14. Rd2 Re8 15. g3 f3 16. Kd1 fxe2+
17. Bxe2 Kc7 $11 {[%csl Rc6] Schwarz hat nur eine kleine Bauernschwäche auf c6,
aber die ist gut verteidigungsfähig.}) 13. Nxf7 {[%cal Rf7h8]} Rg8 14. g3 (14.
Ne5 Rb8 (14... Bf5 15. g3 $5 $16) 15. Nxd7 (15. Nd3 $6 Bf5 {[%cal Gb8b2]
Schwarz hat großen positionellen Druck für den Bauern.} 16. Rd2 Bd6 17. g3 Ne4
18. Rd1 Rxb2 $15 19. Nxb2 Bb4 {[%cal Rb4e1]}) 15... Nxd7 16. g3 (16. Rd2 Ne5
$44 {[%csl Rb2][%cal Re5c4,Rc4d2,Rc4b2]} 17. e3 fxe3 18. fxe3 Bb4 19. Be2 Bxc3
20. bxc3 Rb1+ 21. Rd1 Rb2 $11 {[%csl Ge5]}) 16... Rxb2 17. Bh3 Nc5 (17... Nb6
$5) (17... Bb4 $5) 18. Rd2 Rxd2 (18... Rb4 19. O-O Bd6 20. Rc1 $14 {[%cal
Gc1c7]}) 19. Kxd2 Bd6 20. Rc1 Rd8 21. Ke1 $11) 14... Rb8 15. Rd2 (15. Bg2 Rxb2
16. O-O fxg3 (16... Bb4 17. Rc1 Bxc3 18. Rxc3 Re8 19. gxf4 Rexe2 20. Ne5 Rec2
21. Rg3 g6 22. Nd3 Rb5 $15 {Schwarz hat die bessere Bauernstruktur und aktives
Figurenspiel.} 23. Re3 Bf5 {1/2-1/2 Adianto,U-Emms,J/Gausdal 1992/TD (57)}) 17.
hxg3 Bb4 18. Rc1 Bxc3 19. Rxc3 Rxe2 20. Rfc1 $2 (20. Ra3 $142) 20... Rge8 21.
f4 Re1+ (21... R8e3 22. Ne5 Rxc3 23. Rxc3 Rxa2 24. Nxd7 Kxd7 25. Bxc6+ Kd6 26.
Bf3 $15) 22. Rxe1 Rxe1+ 23. Kf2 Ne4+ 24. Bxe4 Rxe4 25. Ra3 Re7 26. Ne5 Kb7 27.
Rb3+ Kc7 28. Ra3 Kb7 29. Rb3+ {1/2-1/2 Casagrande,H-Wittmann,W/Voitsberg 1995/
CBM 49 ext/[ChessBase] (29)}) 15... Bb4 16. Bg2 (16. gxf4 $2 Bxc3 17. bxc3 Ne4
{[%cal Re4c3,Re4d2]} 18. Rd1 (18. Rc2 Rb1+ $19) 18... Nxc3 $36 {[%cal Rc3d1,
Rc3a2]}) 16... Bxc3 17. bxc3 Rb1+ {Schwarz kann mit dem Eröffnungsergebnis
zufrieden sein. Er hat aktives Figurenspiel für den Bauern.} 18. Rd1 Rxd1+ (
18... Rb2 $5) 19. Kxd1 Ng4 {[%cal Rg4f2,Rf2d1,Rf2h1]} 20. Kc1 $6 $146 (20. Kd2
$1 Rf8 {[%cal Gf8f2]} (20... Rb8 21. Rc1 Rb2+ 22. Rc2 $11) 21. Ng5 Nxf2 22. Rf1
fxg3 23. Ke1 $1 h6 24. Ne4 Re8 25. Nxf2 (25. Nxg3 Nd3+ 26. Kd2 Ne5 $15 {
[%csl Rd2,Ge5][%cal Ge8e2]}) 25... gxf2+ 26. Rxf2 Be6 27. Rf4 {[%cal Gf4a4]}
Re7 {1/2-1/2 Andersson,U-Tal,M/Malmo 1983/IZT (27)}) (20. Ke1 $6 Rb8 {[%cal
Rb8b1]} 21. Be4 {[%cal Ge4b1]} (21. h3 $2 Rb1+ 22. Kd2 Rxh1 23. Bxh1 Nxf2 24.
Bg2 fxg3) 21... Be6 {[%csl Ge6][%cal Re6f7,Re6a2]} 22. Ng5 Bd5 23. Kf1 Bxe4 24.
Nxe4 Rb2 {[%csl Gb2][%cal Rb2a2,Rb2h2]} 25. Kg2 Rxe2 26. Kf3 Rxe4 $1 27. Kxg4 (
27. Kxe4 $2 Nxf2+ 28. Kxf4 Nxh1 29. Kf3 Kd6 $19 {[%cal Rd6c5,Rc5c4]}) 27...
fxg3+ 28. Kxg3 Re2 $17 {[%csl Ra2,Rc3,Ge2]}) 20... Nxf2 21. Rf1 fxg3 22. hxg3
Ng4 $15 {[%csl Ra2,Rc3,Re2,Rg3][%cal Gg4e3,Ge3f1,Ge3g2] Schwarz hat die
bessere Bauernstruktur und sein Springer steht aktiv auf g4.} 23. Rf4 {[%cal
Gf4a4,Ga4a7]} Re8 {[%cal Ge8e2]} (23... Rf8 24. Kd2 h5 $15) 24. Ra4 $6 (24. Kd2
c5 $15) 24... Rxe2 25. Bf3 $2 (25. Rxa7+ $5 {Nachdem Weiß 23.Ra4 spielte, ist
das die logische Fortsetzung.} Kb6 26. Rxd7 Rxg2 {[%csl Rc1,Gg2][%cal Rg2a2]}
27. Nd6 g5 28. Rxh7 Rxg3 $15) 25... Rf2 26. Bxg4 (26. Rxa7+ Kb6 27. Rxd7 Rxf3
$17 {[%cal Rf3g3,Rf3c3]}) 26... Bxg4 27. Ne5 (27. Rxa7+ Kb6 {[%csl Ra7,Rc1,Gf2,
Rf7]} 28. Re7 Bf5 $17 {[%cal Rf2c2]}) (27. Rxg4 Rxf7 $17 {Schwarz hat einen
Mehrbauern, aber im Turmendspiel bieten sich immer Rettungschancen.}) 27... Be6
28. Rxa7+ Kd6 {[%csl Gd6,Re5]} 29. Nd3 {Einziger Zug.} Rf3 $17 {[%cal Rf3c3,
Rf3g3] Schwarz gewinnt den wichtigen Bauern g3.} 30. Kd2 (30. Kc2 $2 Bf5 $19 {
[%csl Rd3][%cal Rf5c2]}) 30... Rxg3 {[%csl Gg7,Gh7] Schwarz hat nur einen
Bauern mehr, aber seine beiden verbundenen Freibauern bieten ihm gute
Gewinnchancen. Außerdem ist der Läufer in diesem Endspiel viel stärker als der
Springer.} 31. a4 Bc4 32. Nf2 (32. Nb2 Rg2+ 33. Kc1 Bb3 $17 {[%csl Rb2,Rc1]
[%cal Rg2c2,Rc2c1,Rc2c3]}) 32... Bd5 {[%csl Gd5]} 33. a5 {Weiß hat einige
Gegenchancen mit seinem a-Bauern, aber mit gutem Spiel kann Schwarz das
neutralisieren.} Rf3 {[%cal Rf3f2]} 34. Nd3 (34. Ke2 Rf7 $17) 34... Rf7 35.
Rxf7 $6 {Nach diesem Zug kommt Weiß in ein sehr schwieriges Endspiel. Es wäre
besser, die Türme auf dem Brett zu behalten.} (35. Ra8 $5 Rd7 36. a6 h5 $17)
35... Bxf7 36. a6 Kc7 {[%cal Rc7b6]} 37. Ne5 Be8 {[%csl Gc6,Ge8][%cal Rc7b6,
Rb6a6] Der Läufer steht scheinbar passiv auf e8, schränkt aber die
Beweglichkeit des weißen Springers ein und deckt den Bauern c6.} 38. Nc4 {
Weiß nimmt dem schwarzen König das Feld b6.} Kb8 {[%cal Rb8a7,Ra7a6]} 39. Nd6
Bd7 {[%csl Gd7,Gg7,Gh7] Die schwarzen Bauern stehen ausgezeichnet in der
Grundstellung, der Läufer verteidigt das Feld f5 und sie können so nicht vom
weißen Springer angegriffen werden.} 40. Ke3 Ka7 {[%cal Ra7a6] Endlich gewinnt
Schwarz den a6-Bauern.} 41. Ne4 Bc8 (41... Kxa6 $2 42. Nc5+ $11 {[%cal Rc5a6,
Rc5d7] Schwarz kann nicht verlieren, denn nach 42...Kb5 43.Nxd7 Kc4 44.Kd2 hat
er mit 44.h5 Gegenspiel.}) 42. Nc5 Kb6 $1 (42... Bxa6 43. Ne6 {[%cal Re6g7]} g6
44. Nf8 {[%cal Rf8h7,Rf8g6]}) 43. Kd4 h5 {[%csl Gg7,Gh5] Die entfernten
schwarzen Freibauern entscheiden die Partie.} 44. c4 h4 45. Ne4 {Weiß muß
seinen a-Bauern geben, sonst kann er nicht den schwarzen h-Bauern bekämpfen.}
Bxa6 $19 46. c5+ Ka5 47. Ng5 (47. Ke3 Kb4 $19 {[%csl Rc5]}) 47... Bf1 {[%cal
Rh4h3,Gf1h3]} 48. Nf3 h3 49. Nh2 (49. Ke3 Kb4 $19) 49... Bg2 50. Ng4 Kb5 51.
Nh2 g5 {Und Weiß gab in hoffnungsloser Stellung auf. Sein Springer allein kann
die schwarzen Bauern nicht aufhalten und nach Königszügen verliert Weiß noch
den c-Bauern.} (51... g5 52. Ng4 Bf3 53. Nh2 g4 $19) 0-1

[Event "Interzonal-15"]
[Site "Manila"]
[Date "1990.??.??"]
[Round "4"]
[White "Stohl, Igor"]
[Black "Khalifman, Alexander"]
[Result "0-1"]
[WhiteElo "2525"]
[BlackElo "2615"]
[Annotator "Ribli,Z"]
[PlyCount "79"]
[EventDate "1990.06.29"]
[EventType "swiss"]
[EventRounds "13"]
[EventCountry "PHI"]
[SourceTitle "CBM 019"]
[Source "ChessBase"]
[SourceDate "1990.12.01"]
[SourceVersion "1"]
[SourceVersionDate "1990.12.01"]
[SourceQuality "1"]

1. Nf3 c5 2. c4 Nf6 3. Nc3 Nc6 4. d4 cxd4 5. Nxd4 e6 6. a3 Bc5 (6... d5 7. cxd5
exd5 8. Bg5 Be7 9. e3 O-O 10. Bb5 $1 Ne5 $5 (10... Bg4 11. Qa4 Nxd4 12. Qxd4 a6
13. Bd3 $14 {Speelman-Timman Reykjavik WCup 1988 46/53}) 11. O-O h6 {Hansen,
LB-Petran,P Budapest Elekes 1989 CBM 14}) 7. Nb3 Be7 8. Bg5 $5 h6 9. Bh4 O-O
10. e3 b6 11. Be2 Ba6 $1 12. O-O Ne5 13. Nd2 Bb7 14. Bg3 d6 15. Bxe5 $5 dxe5
16. Bf3 Bxf3 17. Nxf3 Qc7 18. Qe2 e4 19. Nd4 Rfc8 20. b3 a6 21. Rfc1 h5 $1 $36
22. Na4 Bd6 23. g3 Bc5 24. Nc2 Qc6 25. Nb2 g6 26. b4 Be7 27. Nd4 Qd7 28. Rd1 e5
29. Nb3 Qh3 30. Qf1 Qe6 31. Rdc1 h4 32. Nd2 Kg7 33. Qg2 Qf5 34. h3 hxg3 35.
fxg3 Rh8 36. g4 Qg5 37. Nd1 Rad8 38. Ra2 Rh4 39. Kf1 Nxg4 40. hxg4 {Zeit Ribli}
0-1